<?xml version='1.0' encoding='UTF-8'?>
  <record xmlns="http://www.loc.gov/MARC21/slim">
    <leader>00000cam a22000007i 4500</leader>
    <controlfield tag="001">ocn902599362</controlfield>
    <controlfield tag="003">OCoLC</controlfield>
    <controlfield tag="005">20251118173517.6</controlfield>
    <controlfield tag="008">150130s1574    gw a          000 0 ger d</controlfield>
    <datafield tag="040" ind1=" " ind2=" ">
      <subfield code="a">NLGGC</subfield>
      <subfield code="b">eng</subfield>
      <subfield code="e">rda</subfield>
      <subfield code="e">dcrmr</subfield>
      <subfield code="c">NLGGC</subfield>
      <subfield code="d">QGJ</subfield>
      <subfield code="d">OCLCQ</subfield>
      <subfield code="d">OCLCL</subfield>
      <subfield code="d">QGJ</subfield>
      <subfield code="d">OCLCO</subfield>
    </datafield>
    <datafield tag="029" ind1="0" ind2=" ">
      <subfield code="a">NLGGC</subfield>
      <subfield code="b">38895745X</subfield>
    </datafield>
    <datafield tag="035" ind1=" " ind2=" ">
      <subfield code="a">(OCoLC)902599362</subfield>
    </datafield>
    <datafield tag="245" ind1="0" ind2="4">
      <subfield code="a">Ein klare beschreybung aller Antechristen, vnd ein Christliche Widerlegung ihrer Grundtlehr vnnd wandels, mit gründtlicher anzeigung der vrsach aller gegenwerdiger vneynigkeit in Göttlichen sachen. :</subfield>
      <subfield code="b">Darin auch erklert wirdt, was das verderb allen menschen durch Adam angeerbt sey, vnnd was der mensch ohn Christo mit dem verderb vermag, vnnd was ein Christ durch Christum sey, vnd durch Christum vermag. /</subfield>
      <subfield code="c">Schrifftlich vnd mündtlich bezeuget, durch einen gezeugen Jesu Christi nun im dem Herrn verstorben, gnadt A. B.</subfield>
    </datafield>
    <datafield tag="264" ind1=" " ind2="1">
      <subfield code="a">[Place of publication not identified] :</subfield>
      <subfield code="b">[publisher not identified],</subfield>
      <subfield code="c">Gedruckt, Anno 1574.</subfield>
    </datafield>
    <datafield tag="300" ind1=" " ind2=" ">
      <subfield code="a">299, [1] pages ;</subfield>
      <subfield code="c">16 cm (8vo)</subfield>
    </datafield>
    <datafield tag="336" ind1=" " ind2=" ">
      <subfield code="a">text</subfield>
      <subfield code="b">txt</subfield>
      <subfield code="2">rdacontent</subfield>
    </datafield>
    <datafield tag="337" ind1=" " ind2=" ">
      <subfield code="a">unmediated</subfield>
      <subfield code="b">n</subfield>
      <subfield code="2">rdamedia</subfield>
    </datafield>
    <datafield tag="338" ind1=" " ind2=" ">
      <subfield code="a">volume</subfield>
      <subfield code="b">nc</subfield>
      <subfield code="2">rdacarrier</subfield>
    </datafield>
    <datafield tag="340" ind1=" " ind2=" ">
      <subfield code="m">8vo</subfield>
      <subfield code="2">rdabf</subfield>
    </datafield>
    <datafield tag="500" ind1=" " ind2=" ">
      <subfield code="a">A.B. is possibly Arent Barendtsz. See: Een clare beschrijvinghe aller Antechristen, ende een christelijcke wederlegginghe haerder grondleer en[d] wandels.</subfield>
    </datafield>
    <datafield tag="500" ind1=" " ind2=" ">
      <subfield code="a">Signatures: A-T⁸ (T7-8 are blank).</subfield>
    </datafield>
    <datafield tag="500" ind1=" " ind2=" ">
      <subfield code="a">With initials and printed marginalia.</subfield>
    </datafield>
    <datafield tag="500" ind1=" " ind2=" ">
      <subfield code="a">Pagination error: page 126 misnumbered 128.</subfield>
    </datafield>
    <datafield tag="510" ind1="4" ind2=" ">
      <subfield code="a">Verzeichnis der im deutschen Sprachbereich erschienenen Drucke des XVI. Jahrhunderts (VD 16),</subfield>
      <subfield code="c">K 1237</subfield>
      <subfield code="u">https://gateway-bayern.de/VD16+K+1237</subfield>
    </datafield>
    <datafield tag="650" ind1=" " ind2="0">
      <subfield code="a">Mennonites</subfield>
      <subfield code="x">Doctrines</subfield>
      <subfield code="v">Early works to 1800.</subfield>
    </datafield>
    <datafield tag="650" ind1=" " ind2="6">
      <subfield code="a">Mennonites</subfield>
      <subfield code="x">Doctrines</subfield>
      <subfield code="v">Ouvrages avant 1800.</subfield>
    </datafield>
    <datafield tag="700" ind1="1" ind2=" ">
      <subfield code="a">Barendtsz, Arent,</subfield>
      <subfield code="e">attributed name,</subfield>
      <subfield code="e">author.</subfield>
      <subfield code="4">att</subfield>
      <subfield code="4">aut</subfield>
    </datafield>
    <datafield tag="758" ind1=" " ind2=" ">
      <subfield code="i">has work:</subfield>
      <subfield code="a">Ein klare Beschreybung aller Antechristen, und ein christliche Widerlegung ihrer Grundtlehr unnd Wandels, mit gründtlicher Anzeigung der Ursach aller gegenwerdiger Uneynigkeit in göttlichen Sachen (Text)</subfield>
      <subfield code="1">https://id.oclc.org/worldcat/entity/E39PD3xhFcDv4mGmCpJx3WYc6C</subfield>
      <subfield code="4">https://id.oclc.org/worldcat/ontology/hasWork</subfield>
    </datafield>
  </record>